| 000 | 00629nam a2200181 a 4500 | ||
|---|---|---|---|
| 005 | 20221118063511.0 | ||
| 008 | 991125s1921 mx 000 0 spa u | ||
| 035 | _aUPN01000030263 | ||
| 049 | _aLT | ||
| 050 | 4 |
_aLB1573 M6.2 _bI58 1921 |
|
| 245 | 0 | 0 |
_aInfancia : _bprimer libro de lectura : segundo año / _ccomp. por Abel Ayala. |
| 260 |
_aMéxico : _bAguilas, _c1921. |
||
| 300 | _a166 p., [4] p. de láms. | ||
| 500 | _aPara uso de los niños que cursan el segundo año de educación primaria elemental | ||
| 650 | 4 |
_aLectura _xEstudio y enseñanza (Elemental) _92805 |
|
| 700 | 1 |
_aAyala, Abel, _ecomp. _928868 |
|
| 905 | _aLibro | ||
| 999 |
_c30263 _d30263 |
||